[Event "Titled Tuesday intern op 01st Aug Early"]
[Site "Chess.com INT"]
[Date "2023.08.01"]
[Round "4"]
[White "Fontaine, Quentin"]
[Black "Sankalan, Shah"]
[Result "1-0"]
[WhiteElo "2296"]
[BlackElo "2110"]
[PlyCount "71"]
[EventDate "2023.08.01"]
[EventType "swiss (blitz)"]
[EventRounds "11"]
[EventCountry "USA"]
[SourceTitle "EXT 2024"]
[Source "ChessBase"]
[SourceDate "2023.10.10"]
[SourceVersion "1"]
[SourceVersionDate "2023.10.10"]
[SourceQuality "1"]

1. Nf3 Nf6 2. g3 e6 3. Bg2 d5 4. 0-0 Be7 5. d3 0-0 6. Nbd2 b6 7. e4 dxe4 8. dxe4 Bb7 9. Qe2 c5 10. c3 Nc6 11. Re1 Qc7 12. e5 Nd5 13. Nc4 a6 14. Qe4 b5 15. Ne3 Nxe3 16. Qxe3 Na5 17. Qf4 Rad8 18. Qg4 Kh8 19. h4 Nc4 20. b3 Nb6 21. Bg5 Rd3 22. Rac1 Nd5 23. c4 bxc4 24. Rxc4 Nb6 25. Rf4 Nd5 26. Rc4 Nb6 27. Rc2 Rfd8 28. Bxe7 Qxe7 29. Qg5 Qd7 30. Qh5 Qc6 31. Re3 Rxe3 32. fxe3 Rd1+ 33. Kh2 g6 34. Qh6 Qe8 35. Ng5 Bxg2 36. Qxh7# 1-0

[Event "Titled Tuesday intern op 25th Jul Early"]
[Site "Chess.com INT"]
[Date "2023.07.25"]
[Round "2"]
[White "Sankalan, Shah"]
[Black "Oleksienko, Mikhailo"]
[Result "1-0"]
[WhiteElo "2110"]
[BlackElo "2592"]
[PlyCount "59"]
[EventDate "2023.07.25"]
[EventType "swiss (blitz)"]
[EventRounds "11"]
[EventCountry "USA"]
[SourceTitle "EXT 2024"]
[Source "ChessBase"]
[SourceDate "2023.10.10"]
[SourceVersion "1"]
[SourceVersionDate "2023.10.10"]
[SourceQuality "1"]

1. d4 d5 2. c4 e6 3. Nf3 Nf6 4. Nc3 Nbd7 5. Bf4 dxc4 6. e3 Bd6 7. Bxd6 cxd6 8. Bxc4 Nb6 9. Bd3 Nbd5 10. 0-0 0-0 11. e4 Nxc3 12. bxc3 Qc7 13. e5 dxe5 14. dxe5 Nd5 15. Bxh7+ Kxh7 16. Ng5+ Kg8 17. Qh5 Rd8 18. c4 Nf4 19. Qh7+ Kf8 20. Qh8+ Ke7 21. Qxg7 Ne2+ 22. Kh1 Rf8 23. Rad1 Bd7 24. Qf6+ Ke8 25. Ne4 Ba4 26. Nd6+ Kd7 27. Nb5+ Bxd1 28. Nxc7 Kxc7 29. Rxd1 Rae8 30. Qf3 1-0

[Event "Titled Tuesday intern op 18th Jul Early"]
[Site "Chess.com INT"]
[Date "2023.07.18"]
[Round "4"]
[White "Ljukin, Sergei"]
[Black "Sankalan, Shah"]
[Result "1-0"]
[WhiteElo "2362"]
[BlackElo "2110"]
[PlyCount "83"]
[EventDate "2023.07.18"]
[EventType "swiss (blitz)"]
[EventRounds "11"]
[EventCountry "USA"]
[SourceTitle "EXT 2024"]
[Source "ChessBase"]
[SourceDate "2023.10.10"]
[SourceVersion "1"]
[SourceVersionDate "2023.10.10"]
[SourceQuality "1"]

1. e4 e5 2. Nf3 Nc6 3. Bb5 Nf6 4. Qe2 d6 5. c3 Bd7 6. 0-0 a6 7. Ba4 g6 8. d4 Bg7 9. Bxc6 Bxc6 10. dxe5 dxe5 11. Nxe5 0-0 12. Nxc6 bxc6 13. Bg5 h6 14. Bh4 Re8 15. f3 Qb8 16. Na3 Qb6+ 17. Bf2 Qa5 18. Nc4 Qb5 19. a4 Qh5 20. Rfe1 Rab8 21. Rad1 Nh7 22. Rd7 Rbc8 23. Rd2 Nf8 24. f4 Qxe2 25. Rexe2 Ne6 26. g3 Rb8 27. h4 h5 28. f5 Nf8 29. Kf1 Nh7 30. Bd4 Bh6 31. Rd1 Bg7 32. Bxg7 Kxg7 33. fxg6 fxg6 34. Rd7+ Kg8 35. Rxc7 Nf6 36. e5 Ng4 37. e6 Rf8+ 38. Kg1 Rf3 39. e7 Re8 40. Nd6 Rxg3+ 41. Kf1 Rf3+ 42. Ke1 1-0

[Event "Titled Tuesday intern op 18th Jul Early"]
[Site "Chess.com INT"]
[Date "2023.07.18"]
[Round "6"]
[White "Topalov, Aleksandar"]
[Black "Sankalan, Shah"]
[Result "1-0"]
[WhiteElo "2233"]
[BlackElo "2110"]
[PlyCount "23"]
[EventDate "2023.07.18"]
[EventType "swiss (blitz)"]
[EventRounds "11"]
[EventCountry "USA"]
[SourceTitle "EXT 2024"]
[Source "ChessBase"]
[SourceDate "2023.10.10"]
[SourceVersion "1"]
[SourceVersionDate "2023.10.10"]
[SourceQuality "1"]

1. b3 Nf6 2. Bb2 e6 3. Nf3 b6 4. g3 Bb7 5. Bg2 Be7 6. 0-0 0-0 7. d3 d6 8. Nbd2 Nbd7 9. e4 e5 10. Nh4 g6 11. f4 Ng4 12. Qxg4 1-0

[Event "Titled Tuesday intern op 18th Apr Early"]
[Site "Chess.com INT"]
[Date "2023.04.18"]
[Round "6"]
[White "Morais, Renan de Souza Stoc"]
[Black "Sankalan, Shah"]
[Result "1-0"]
[WhiteElo "1427"]
[BlackElo "2179"]
[PlyCount "39"]
[EventDate "2023.04.18"]
[EventType "swiss (blitz)"]
[EventRounds "11"]
[EventCountry "USA"]
[SourceTitle "EXT 2024"]
[Source "ChessBase"]
[SourceDate "2023.10.10"]
[SourceVersion "1"]
[SourceVersionDate "2023.10.10"]
[SourceQuality "1"]

1. d4 Nf6 2. c4 e6 3. Nc3 Bb4 4. Qb3 c5 5. Nf3 Nc6 6. e3 0-0 7. Bd2 d5 8. dxc5 Bxc5 9. cxd5 exd5 10. a3 d4 11. Na4 dxe3 12. fxe3 Be6 13. Qc2 Be7 14. Be2 Rc8 15. Nc3 Qb6 16. Na4 Nd4 17. Nxd4 Rxc2 18. Nxb6 Rxb2 19. Na4 Ne4 20. Nxb2 1-0

[Event "Titled Tuesday intern op 11th Apr Early"]
[Site "Chess.com INT"]
[Date "2023.04.11"]
[Round "6"]
[White "Sankalan, Shah"]
[Black "Sanchez, Roberto Daniel"]
[Result "1-0"]
[WhiteElo "2179"]
[BlackElo "1966"]
[PlyCount "93"]
[EventDate "2023.04.11"]
[EventType "swiss (blitz)"]
[EventRounds "11"]
[EventCountry "USA"]
[SourceTitle "CBM 213 Extra"]
[Source "ChessBase"]
[SourceDate "2023.05.31"]
[SourceVersion "1"]
[SourceVersionDate "2023.05.31"]
[SourceQuality "1"]

1. d4 Nf6 2. c4 e6 3. Nc3 Bb4 4. e3 b6 5. Bd2 0-0 6. a3 Be7 7. Bd3 Bb7 8. Nf3 d5 9. 0-0 Nbd7 10. b4 dxc4 11. Bxc4 Bd6 12. Rc1 a6 13. Re1 e5 14. dxe5 Nxe5 15. Be2 Qe7 16. g3 Rad8 17. Nd4 g6 18. Qa4 c5 19. bxc5 Bxc5 20. Red1 b5 21. Qc2 Bxd4 22. exd4 Nf3+ 23. Bxf3 Bxf3 24. Re1 Qd7 25. Qd3 Ba8 26. Bg5 Qh3 27. f3 Ng4 28. Re2 f6 29. Bf4 Ne5 30. Bxe5 fxe5 31. Ne4 Rxd4 32. Qe3 Bxe4 33. fxe4 Rfd8 34. Rf1 Rd1 35. Ref2 Rxf1+ 36. Rxf1 Qd7 37. Qf3 Qe7 38. h4 Rf8 39. Qb3+ Kg7 40. Rd1 Qc5+ 41. Kg2 Rf2+ 42. Kh3 Qc2 43. Rd7+ Kh6 44. Qxc2 Rxc2 45. Ra7 Rc4 46. Rxa6 Rxe4 47. Rb6 1-0

[Event "Titled Tuesday intern op 28th Mar Early"]
[Site "Chess.com INT"]
[Date "2023.03.28"]
[Round "7"]
[White "Hindermann, Felix"]
[Black "Sankalan, Shah"]
[Result "1-0"]
[WhiteElo "2297"]
[BlackElo "2179"]
[PlyCount "79"]
[EventDate "2023.03.28"]
[EventType "swiss (blitz)"]
[EventRounds "11"]
[EventCountry "USA"]
[SourceTitle "EXT 2024"]
[Source "ChessBase"]
[SourceDate "2023.10.10"]
[SourceVersion "1"]
[SourceVersionDate "2023.10.10"]
[SourceQuality "1"]

1. e4 e5 2. Nf3 Nc6 3. Nc3 Nf6 4. Bb5 Bb4 5. 0-0 0-0 6. d3 d6 7. Bg5 Bxc3 8. bxc3 Bg4 9. Bxc6 bxc6 10. h3 Bxf3 11. Qxf3 h6 12. Bxf6 Qxf6 13. Qxf6 gxf6 14. Rab1 Rab8 15. Rb3 Rb6 16. c4 Rfb8 17. f4 Kg7 18. Kf2 a5 19. Rfb1 a4 20. Rxb6 cxb6 21. Rb4 b5 22. Ke3 Kf8 23. cxb5 Rxb5 24. Rxa4 Rb2 25. Kd2 Rb1 26. f5 Rg1 27. g4 Rh1 28. Ra6 Rxh3 29. Rxc6 Ke7 30. Rc7+ Ke8 31. a4 Rh1 32. a5 Ra1 33. Ra7 Kf8 34. a6 Kg7 35. Kc3 h5 36. gxh5 Kh6 37. Rxf7 Rxa6 38. Rxf6+ Kxh5 39. Rg6 Rc6+ 40. Kb3 1-0

[Event "Titled Tuesday intern op 28th Mar Early"]
[Site "Chess.com INT"]
[Date "2023.03.28"]
[Round "1"]
[White "Martin Fuentes, Alberto"]
[Black "Sankalan, Shah"]
[Result "1-0"]
[WhiteElo "2393"]
[BlackElo "2179"]
[PlyCount "23"]
[EventDate "2023.03.28"]
[EventType "swiss (blitz)"]
[EventRounds "11"]
[EventCountry "USA"]
[SourceTitle "EXT 2024"]
[Source "ChessBase"]
[SourceDate "2023.10.10"]
[SourceVersion "1"]
[SourceVersionDate "2023.10.10"]
[SourceQuality "1"]

1. e4 e5 2. Nf3 Nc6 3. d4 exd4 4. Bc4 Nf6 5. 0-0 Bc5 6. e5 d5 7. exf6 dxc4 8. fxg7 Rg8 9. Bg5 Qd6 10. Nbd2 Be6 11. Ne4 Qd5 12. Nf6+ 1-0

[Event "Titled Tuesday intern op 28th Mar Early"]
[Site "Chess.com INT"]
[Date "2023.03.28"]
[Round "5"]
[White "Sankalan, Shah"]
[Black "Topalov, Aleksandar"]
[Result "1-0"]
[WhiteElo "2179"]
[BlackElo "2233"]
[PlyCount "113"]
[EventDate "2023.03.28"]
[EventType "swiss (blitz)"]
[EventRounds "11"]
[EventCountry "USA"]
[SourceTitle "EXT 2024"]
[Source "ChessBase"]
[SourceDate "2023.10.10"]
[SourceVersion "1"]
[SourceVersionDate "2023.10.10"]
[SourceQuality "1"]

1. d4 Nf6 2. c4 c5 3. d5 d6 4. Nc3 g6 5. e4 Bg7 6. Nf3 0-0 7. Be2 e6 8. Be3 Re8 9. h3 exd5 10. exd5 Nfd7 11. 0-0 Ne5 12. Nxe5 Bxe5 13. Qd2 a6 14. a4 Nd7 15. Rae1 f5 16. f4 Bg7 17. Kh2 Nf6 18. Bf3 Bd7 19. Bf2 Qa5 20. Qd3 Qb4 21. Bh4 Qxb2 22. Rb1 Qxc3 23. Qxc3 Ng4+ 24. hxg4 Bxc3 25. Rxb7 Bxa4 26. gxf5 gxf5 27. g4 Rab8 28. Rxb8 Rxb8 29. gxf5 Be8 30. Be7 Kf7 31. Bxd6 Rb2+ 32. Kg3 Kf6 33. Rh1 h5 34. Bxh5 Bxh5 35. Rxh5 Bd4 36. Kg4 Rg2+ 37. Kf3 Rf2+ 38. Ke4 Re2+ 39. Kf3 Rf2+ 40. Kg3 Rf1 41. Kg4 Rg1+ 42. Kf3 a5 43. Ke4 Re1+ 44. Kf3 a4 45. Bf8 a3 46. Rh6+ Kxf5 47. Ra6 Re3+ 48. Kg2 Kxf4 49. Bh6+ Ke5 50. Bxe3 Bxe3 51. Rxa3 Kd4 52. Rxe3 Kxe3 53. d6 Kd4 54. d7 Kxc4 55. d8Q Kb3 56. Qd1+ Kb2 57. Qd3 1-0

[Event "Titled Tuesday intern op 13th Dec Early"]
[Site "Chess.com INT"]
[Date "2022.12.13"]
[Round "1"]
[White "Osmak, Iulija"]
[Black "Sankalan, Shah"]
[Result "0-1"]
[WhiteElo "2451"]
[BlackElo "2218"]
[PlyCount "96"]
[EventDate "2022.12.13"]
[EventType "swiss (blitz)"]
[EventRounds "11"]
[EventCountry "USA"]
[SourceTitle "EXT 2024"]
[Source "ChessBase"]
[SourceDate "2023.10.10"]
[SourceVersion "1"]
[SourceVersionDate "2023.10.10"]
[SourceQuality "1"]

1. e4 c6 2. d4 d6 3. f4 Nf6 4. Bd3 g6 5. Nf3 Bg7 6. 0-0 0-0 7. c3 Nbd7 8. e5 Nd5 9. c4 Nb4 10. Be2 c5 11. a3 Nc6 12. d5 Nd4 13. Nxd4 cxd4 14. exd6 exd6 15. Nd2 a5 16. Nf3 Qf6 17. Bd3 Nc5 18. Ne1 Re8 19. b3 a4 20. b4 Nb3 21. Rb1 Bf5 22. Bb2 Qe7 23. Bxf5 gxf5 24. Nd3 Qe3+ 25. Kh1 Nd2 26. Bc1 Qxd3 27. Bxd2 Qxc4 28. Qf3 Re4 29. Rbc1 Qxd5 30. Rc7 Rae8 31. h3 Qb3 32. Qh5 Re2 33. Bc1 d3 34. Qxf5 d2 35. Bxd2 Rxd2 36. Rxb7 Qa2 37. Qg4 h6 38. f5 Rf2 39. Rxf2 Qxf2 40. f6 Qxf6 41. Qg3 Qf1+ 42. Kh2 Kh8 43. Rb5 Be5 44. Rxe5 Rxe5 45. Qc3 Qf6 46. Qc8+ Kg7 47. Qc2 Qf4+ 48. g3 Qe4 0-1

[Event "Titled Tuesday intern op 13th Dec Early"]
[Site "Chess.com INT"]
[Date "2022.12.13"]
[Round "4"]
[White "Tomaszewski, Kacper"]
[Black "Sankalan, Shah"]
[Result "1-0"]
[WhiteElo "2320"]
[BlackElo "2218"]
[PlyCount "61"]
[EventDate "2022.12.13"]
[EventType "swiss (blitz)"]
[EventRounds "11"]
[EventCountry "USA"]
[SourceTitle "EXT 2024"]
[Source "ChessBase"]
[SourceDate "2023.10.10"]
[SourceVersion "1"]
[SourceVersionDate "2023.10.10"]
[SourceQuality "1"]

1. Nf3 Nf6 2. c4 e6 3. Nc3 d5 4. cxd5 exd5 5. d4 c6 6. Bf4 Be7 7. e3 0-0 8. Bd3 h6 9. h3 Re8 10. Qc2 Nbd7 11. 0-0-0 c5 12. dxc5 Nxc5 13. Bb5 Bd7 14. Bxd7 Qxd7 15. Kb1 Rac8 16. Ne5 Qd8 17. Qf5 Bd6 18. Nxd5 Bxe5 19. Bxe5 Nxd5 20. e4 Qe7 21. Rxd5 f6 22. Bd4 Nxe4 23. Be3 Qb4 24. Ka1 Rc2 25. Rb1 Rec8 26. Rd4 Nd6 27. Qxc8+ Rxc8 28. Rxb4 b6 29. Rb3 Nc4 30. Bf4 Rc6 31. Rc1 1-0

[Event "BAN-chT Premier"]
[Site "Dhaka"]
[Date "2022.12.10"]
[Round "11.4"]
[White "Sankalan, Shah"]
[Black "Harsha, Bharathakoti"]
[Result "1/2-1/2"]
[WhiteElo "2218"]
[BlackElo "2582"]
[PlyCount "60"]
[EventDate "2022.11.30"]
[EventType "team-tourn"]
[EventRounds "11"]
[EventCountry "BAN"]
[SourceTitle "CBM 211 Extra"]
[Source "ChessBase"]
[SourceDate "2023.01.31"]
[SourceVersion "1"]
[SourceVersionDate "2023.01.31"]
[SourceQuality "1"]
[WhiteTeam "Sheikh Russel"]
[BlackTeam "Bangladesh Police"]
[WhiteTeamCountry "BAN"]
[BlackTeamCountry "BAN"]

1. d4 d5 2. c4 e6 3. Nc3 a6 4. cxd5 exd5 5. Nf3 h6 6. Bf4 Nf6 7. e3 Bd6 8. Ne5 0-0 9. Bd3 Re8 10. Bg3 c5 11. 0-0 b5 12. Qf3 Bb7 13. Bc2 Qe7 14. Qf5 b4 15. Na4 cxd4 16. exd4 Nc6 17. Nf3 Bc8 18. Qd3 Bxg3 19. hxg3 Qa7 20. Nc5 Ne4 21. Ba4 Bb7 22. Rac1 Rac8 23. Rfe1 f5 24. Re2 Red8 25. Rec2 Ne7 26. Ne5 Nxc5 27. Rxc5 Rxc5 28. Rxc5 Rc8 29. Qc2 Rxc5 30. dxc5 Bc8 1/2-1/2

[Event "BAN-chT Premier"]
[Site "Dhaka"]
[Date "2022.12.09"]
[Round "10.1"]
[White "Narayanan, Sunilduth Lyna"]
[Black "Sankalan, Shah"]
[Result "1-0"]
[WhiteElo "2673"]
[BlackElo "2218"]
[PlyCount "85"]
[EventDate "2022.11.30"]
[EventType "team-tourn"]
[EventRounds "11"]
[EventCountry "BAN"]
[SourceTitle "CBM 211 Extra"]
[Source "ChessBase"]
[SourceDate "2023.01.31"]
[SourceVersion "1"]
[SourceVersionDate "2023.01.31"]
[SourceQuality "1"]
[WhiteTeam "SAIF Sporting Club"]
[BlackTeam "Sheikh Russel"]
[WhiteTeamCountry "BAN"]
[BlackTeamCountry "BAN"]

1. d4 Nf6 2. c4 e6 3. Nc3 d5 4. cxd5 exd5 5. Bg5 c6 6. e3 Be7 7. Bd3 Ne4 8. Bf4 Nd6 9. Nf3 Nd7 10. h3 Nf6 11. Ne5 Bf5 12. Nxf7 Kxf7 13. Bxd6 Bxd6 14. Bxf5 g6 15. Bd3 Qe7 16. Qc2 Rhf8 17. 0-0-0 Kg7 18. Kb1 c5 19. g4 c4 20. Be2 Qf7 21. g5 Nd7 22. e4 Nb6 23. exd5 Nxd5 24. Ne4 Bb4 25. Bxc4 Rac8 26. Bxd5 Qxd5 27. Qd3 Rf4 28. f3 Rcf8 29. Rhf1 Be7 30. Rc1 Bxg5 31. Rc7+ Kh6 32. a3 b6 33. Rxa7 Qf5 34. Rc1 Rxf3 35. Qxf3 Qxf3 36. Rxh7+ Kxh7 37. Nxg5+ Kh6 38. Nxf3 Rxf3 39. Rc3 Rf1+ 40. Ka2 Rd1 41. Rb3 Rxd4 42. Rxb6 Rd3 43. Rb3 1-0

[Event "BAN-chT Premier"]
[Site "Dhaka"]
[Date "2022.12.01"]
[Round "2.3"]
[White "Sankalan, Shah"]
[Black "Kushagra, Mohan"]
[Result "1/2-1/2"]
[WhiteElo "2218"]
[BlackElo "2390"]
[PlyCount "82"]
[EventDate "2022.11.30"]
[EventType "team-tourn"]
[EventRounds "11"]
[EventCountry "BAN"]
[SourceTitle "CBM 211 Extra"]
[Source "ChessBase"]
[SourceDate "2023.01.31"]
[SourceVersion "1"]
[SourceVersionDate "2023.01.31"]
[SourceQuality "1"]
[WhiteTeam "Sheikh Russel"]
[BlackTeam "Uttara Central CC"]
[WhiteTeamCountry "BAN"]
[BlackTeamCountry "BAN"]

1. d4 f5 2. c4 Nf6 3. Nf3 g6 4. g3 Bg7 5. Bg2 0-0 6. 0-0 d6 7. Nc3 Qe8 8. b3 Na6 9. Ba3 c6 10. Qc2 Rb8 11. e4 fxe4 12. Nxe4 Bf5 13. Nxf6+ Bxf6 14. Qd2 b5 15. cxb5 cxb5 16. Qa5 Rb6 17. Rad1 Bc2 18. Rd2 Be4 19. Re1 Qa8 20. Nh4 Bxg2 21. Nxg2 Rc8 22. Bb2 Qb7 23. Ne3 Nb8 24. Rc2 Rxc2 25. Nxc2 b4 26. Ne3 e6 27. Ng4 Be7 28. Rxe6 Ra6 29. Rxe7 Qxe7 30. Qxb4 Rb6 31. Qc4+ Kf8 32. d5 Nd7 33. Qc8+ Qe8 34. Bg7+ Ke7 35. Qc7 h5 36. Nf6 Qd8 37. Qxa7 Rb4 38. Nxd7 Qxd7 39. Bf6+ Ke8 40. Qe3+ Kf7 41. Bc3 Rb5 1/2-1/2

[Event "Titled Tuesday intern op 05th Jul Early"]
[Site "Chess.com INT"]
[Date "2022.07.05"]
[Round "2"]
[White "Rendle, Thomas E"]
[Black "Sankalan, Shah"]
[Result "1-0"]
[WhiteElo "2387"]
[BlackElo "2218"]
[PlyCount "49"]
[EventDate "2022.07.05"]
[EventType "swiss (blitz)"]
[EventRounds "11"]
[EventCountry "USA"]
[SourceTitle "CBM 209 Extra"]
[Source "ChessBase"]
[SourceDate "2022.09.30"]
[SourceVersion "1"]
[SourceVersionDate "2022.09.30"]
[SourceQuality "1"]

1. e4 c5 2. Nf3 d6 3. c3 Nf6 4. Be2 g6 5. 0-0 Bg7 6. d3 0-0 7. Be3 Nc6 8. Nfd2 b5 9. f4 b4 10. Bf3 Bb7 11. d4 bxc3 12. bxc3 cxd4 13. cxd4 d5 14. e5 Ne8 15. Nc3 Nc7 16. Nb3 Ba6 17. Rf2 Bc4 18. Nd2 Bd3 19. Rc1 Qd7 20. Nb3 Bc4 21. Nc5 Qd8 22. Qa4 Qe8 23. Rb2 Ne6 24. Nxd5 Nxc5 25. Qxc4 1-0

[Event "Titled Tuesday intern op 05th Jul Early"]
[Site "Chess.com INT"]
[Date "2022.07.05"]
[Round "3"]
[White "Sankalan, Shah"]
[Black "Altman, Joshua"]
[Result "0-1"]
[WhiteElo "2218"]
[BlackElo "2162"]
[PlyCount "46"]
[EventDate "2022.07.05"]
[EventType "swiss (blitz)"]
[EventRounds "11"]
[EventCountry "USA"]
[SourceTitle "CBM 209 Extra"]
[Source "ChessBase"]
[SourceDate "2022.09.30"]
[SourceVersion "1"]
[SourceVersionDate "2022.09.30"]
[SourceQuality "1"]

1. Nf3 Nf6 2. c4 e6 3. b3 b6 4. Bb2 Bb7 5. e3 Be7 6. d4 0-0 7. Nbd2 Ne4 8. Nxe4 Bxe4 9. d5 Bf6 10. Bxf6 Qxf6 11. Nd2 exd5 12. cxd5 Bxd5 13. Rc1 Nc6 14. Bd3 Ne5 15. Be2 Bxg2 16. Rg1 Bc6 17. Nc4 Ng6 18. h4 Qxh4 19. Qc2 Be4 20. Qc3 f6 21. Nd2 Bc6 22. b4 a5 23. b5 Bd5 0-1

[Event "Titled Tuesday intern op 21st Jun Early"]
[Site "Chess.com INT"]
[Date "2022.06.21"]
[Round "3"]
[White "Kvaloy, Aksel Bu"]
[Black "Sankalan, Shah"]
[Result "1-0"]
[WhiteElo "2270"]
[BlackElo "2218"]
[PlyCount "25"]
[EventDate "2022.06.21"]
[EventType "swiss (blitz)"]
[EventRounds "11"]
[EventCountry "USA"]
[SourceTitle "EXT 2023"]
[Source "ChessBase"]
[SourceDate "2022.10.05"]
[SourceVersion "1"]
[SourceVersionDate "2022.10.05"]
[SourceQuality "1"]

1. e4 e5 2. Nf3 Nc6 3. Bb5 Nf6 4. d3 Bc5 5. Bxc6 dxc6 6. 0-0 Bd6 7. c3 0-0 8. d4 Bg4 9. dxe5 Bxf3 10. gxf3 Bxe5 11. Qxd8 Rfxd8 12. f4 Nxe4 13. fxe5 1-0

[Event "Titled Tuesday intern op 14th Jun Early"]
[Site "Chess.com INT"]
[Date "2022.06.14"]
[Round "8"]
[White "Vifleemskaia, Svetlana"]
[Black "Sankalan, Shah"]
[Result "1-0"]
[WhiteElo "1926"]
[BlackElo "2218"]
[PlyCount "67"]
[EventDate "2022.06.14"]
[EventType "swiss (blitz)"]
[EventRounds "11"]
[EventCountry "USA"]
[SourceTitle "EXT 2023"]
[Source "ChessBase"]
[SourceDate "2022.10.05"]
[SourceVersion "1"]
[SourceVersionDate "2022.10.05"]
[SourceQuality "1"]

1. d4 d5 2. c4 e6 3. Nc3 Nf6 4. cxd5 exd5 5. Bg5 c6 6. e3 Be7 7. Qc2 0-0 8. Bd3 h6 9. Bh4 Nbd7 10. Nge2 Re8 11. f3 Nf8 12. 0-0 N6d7 13. Bf2 Bg5 14. e4 dxe4 15. fxe4 Qc7 16. h4 Bf6 17. Nd5 Qd8 18. Nxf6+ Nxf6 19. e5 Nd5 20. a3 Be6 21. Be4 Rc8 22. b4 f6 23. Rad1 Qc7 24. exf6 Nxf6 25. Bg3 Qe7 26. Bf3 Bd5 27. Nf4 Bxf3 28. Rxf3 Nd5 29. Nxd5 cxd5 30. Qd3 Qe4 31. Qb5 Rc2 32. Rdf1 Re2 33. Be5 Ne6 34. Qxe8+ 1-0

[Event "Titled Tuesday intern op 31st May Early"]
[Site "Chess.com INT"]
[Date "2022.05.31"]
[Round "5"]
[White "Khamdamova, Afruza"]
[Black "Sankalan, Shah"]
[Result "1-0"]
[WhiteElo "1874"]
[BlackElo "2218"]
[PlyCount "93"]
[EventDate "2022.05.31"]
[EventType "swiss (blitz)"]
[EventRounds "11"]
[EventCountry "USA"]
[SourceTitle "CBM 208 Extra"]
[Source "ChessBase"]
[SourceDate "2022.07.31"]
[SourceVersion "1"]
[SourceVersionDate "2022.07.31"]
[SourceQuality "1"]

1. e4 c5 2. Nf3 d6 3. d4 cxd4 4. Nxd4 Nf6 5. Nc3 a6 6. Bc4 e6 7. Bb3 b5 8. f4 Bb7 9. 0-0 Nbd7 10. f5 e5 11. Nf3 Nc5 12. Ng5 Nxb3 13. axb3 h6 14. Nf3 Nxe4 15. Nxe4 Bxe4 16. Qe2 Bb7 17. c4 bxc4 18. bxc4 Be7 19. Be3 0-0 20. Rad1 Qc7 21. Nd2 d5 22. cxd5 Bxd5 23. f6 Bxf6 24. Rxf6 gxf6 25. Bxh6 f5 26. Qh5 Qb6+ 27. Kh1 Rfd8 28. Bg5 Qg6 29. Qxg6+ fxg6 30. Bxd8 Rxd8 31. Nf3 e4 32. Ne5 Kg7 33. Kg1 Kf6 34. Nc6 Rd7 35. Nb4 Ke6 36. Nxa6 Ra7 37. Nc5+ Ke5 38. b4 Ra2 39. Nd7+ Ke6 40. Nf8+ Kd6 41. Nxg6 e3 42. Nf4 Rd2 43. Re1 Ke5 44. Nxd5 Kxd5 45. Rxe3 Kc4 46. Rf3 Rd5 47. Rf4+ 1-0

[Event "Titled Tuesday intern op 31st May Early"]
[Site "Chess.com INT"]
[Date "2022.05.31"]
[Round "2"]
[White "Sankalan, Shah"]
[Black "Devaev, Alexander"]
[Result "0-1"]
[WhiteElo "2218"]
[BlackElo "2325"]
[PlyCount "168"]
[EventDate "2022.05.31"]
[EventType "swiss (blitz)"]
[EventRounds "11"]
[EventCountry "USA"]
[SourceTitle "CBM 208 Extra"]
[Source "ChessBase"]
[SourceDate "2022.07.31"]
[SourceVersion "1"]
[SourceVersionDate "2022.07.31"]
[SourceQuality "1"]

1. d4 Nf6 2. c4 e6 3. Nc3 Bb4 4. e3 c5 5. Bd2 cxd4 6. exd4 d5 7. a3 Bxc3 8. Bxc3 Nc6 9. Nf3 0-0 10. c5 Ne4 11. Bd3 Nxc3 12. bxc3 b6 13. Bb5 Bd7 14. cxb6 Qxb6 15. a4 Rfc8 16. 0-0 Nb8 17. Rb1 Bxb5 18. Rxb5 Qa6 19. Qb3 Nc6 20. Rb1 h6 21. h3 Na5 22. Qb4 Nc4 23. Rb7 Nd6 24. Rd7 Rd8 25. Ne5 Rxd7 26. Nxd7 Ne4 27. Qe7 Qd6 28. Qxd6 Nxd6 29. Nc5 Rc8 30. a5 Kf8 31. a6 Ke7 32. Kf1 Rc7 33. Ke2 f6 34. Kd3 e5 35. f3 g5 36. Re1 Nc4 37. Rb1 Na5 38. Rb5 Nc6 39. Rb7 Kd6 40. g4 Nd8 41. Rb8 Ne6 42. Rf8 Nxc5+ 43. dxc5+ Kxc5 44. Rxf6 Rc6 45. Rf7 Rxa6 46. Rh7 Kb5 47. Rb7+ Ka4 48. Rd7 Ra5 49. c4 dxc4+ 50. Kxc4 Ka3 51. Rd6 Ra4+ 52. Kd5 Rf4 53. Kxe5 Rxf3 54. Rxh6 Kb2 55. Ra6 Ra3 56. Rg6 Rb3 57. Ra6 Ra3 58. Rg6 Kc3 59. Kf5 Ra5+ 60. Kf6 Ra6+ 61. Kg7 Rxg6+ 62. Kxg6 a5 63. Kxg5 a4 64. h4 a3 65. h5 a2 66. Kg6 a1Q 67. h6 Qa6+ 68. Kg7 Qb7+ 69. Kg6 Qc6+ 70. Kh5 Qh1+ 71. Kg6 Qe4+ 72. Kg7 Qxg4+ 73. Kh8 Qc8+ 74. Kg7 Qd7+ 75. Kh8 Qe8+ 76. Kg7 Qe7+ 77. Kh8 Qf6+ 78. Kh7 Qf7+ 79. Kh8 Qf8+ 80. Kh7 Kd4 81. Kg6 Qh8 82. h7 Ke5 83. Kh6 Kf5 84. Kh5 Qxh7# 0-1

[Event "Titled Tuesday intern op 31st May Early"]
[Site "Chess.com INT"]
[Date "2022.05.31"]
[Round "4"]
[White "Sankalan, Shah"]
[Black "Dilmukhametov, Artur"]
[Result "1-0"]
[WhiteElo "2218"]
[BlackElo "2293"]
[PlyCount "61"]
[EventDate "2022.05.31"]
[EventType "swiss (blitz)"]
[EventRounds "11"]
[EventCountry "USA"]
[SourceTitle "CBM 208 Extra"]
[Source "ChessBase"]
[SourceDate "2022.07.31"]
[SourceVersion "1"]
[SourceVersionDate "2022.07.31"]
[SourceQuality "1"]

1. d4 Nf6 2. c4 g6 3. Nc3 Bg7 4. e4 d6 5. Be2 0-0 6. Be3 Nbd7 7. g4 e5 8. d5 Nc5 9. f3 b6 10. b4 Ncd7 11. h4 Qe7 12. h5 gxh5 13. gxh5 h6 14. Nh3 Kh7 15. Nf2 Bb7 16. Qd2 c6 17. Ng4 Nxg4 18. fxg4 cxd5 19. Nxd5 Bxd5 20. cxd5 Rac8 21. g5 Rc7 22. Bg4 f6 23. Bf5+ Kh8 24. gxh6 Bxh6 25. Bxh6 Rf7 26. Bg6 Rh7 27. Bxh7 Qxh7 28. Rh4 f5 29. Rc1 Rxc1+ 30. Qxc1 fxe4 31. Qc8+ 1-0